MARC

LEADER 00000nas a2200000 a 4500
001 ssj0016140
003 WaSeSS
005 20200512172242.0
006 m d
007 cr n
008 100318c19549999wiuqx p s o | a0eng
010 |a  2016201517 
022 |a 2471-156X  |l 0015-6191  |y 0015-6191 
035 |a (WaSeSS)ssj0016140 
037 |b A-R Editions, Inc., 1600 Aspen Commons, Suite 100, Middleton, WI 53562  |c €41 (individual members)  |c €68 (institutional members) 
040 |a OCLCE  |b eng  |c OCLCE  |d SFB  |d HUA  |d QE2  |d OCLCQ  |d OCLCO  |d OCLCF  |d EYM  |d TXU  |d OCL  |d OCLCQ  |d DLC  |d OCLCQ  |d VT2  |d OCLCQ  |d WaSeSS 
041 0 |a eng  |a fre  |a ger 
042 |a dlr  |a pcc  |a nsdp 
050 4 |a ML5 
050 4 |a Z675.M95 
082 0 0 |a 780  |2 23 
222 0 |a Fontes artis musicae  |b (Online) 
245 0 0 |a Fontes artis musicae  |h [electronic resource]. 
260 |3 1954-1992 :  |a Basel :  |b Kassel und Bärenreiter-Verlag,  |c 1954- 
260 2 |3 1993- :  |a Madison, WI :  |b A-R Editions 
260 2 |3 <2009-> :  |a London, UK :  |b International Association of Music Libraries, Archives and Documentation Centres 
260 3 |3 2016- :  |a Madison, WI :  |b A-R Editions 
310 |a Quarterly,  |b 1976- 
321 |a Semiannual,  |b 1954-1963 
321 |a 3 issues yearly,  |b 1964-1975 
362 1 |a Began with v. 1 (1954). 
500 |a Published: London, UK : International Association of Music Libraries, Archives and Documentation Centres, volumes for (2009- ). Cf. email from supplier Harrassowitz. 
506 |a License restrictions may limit access. 
538 |a Master and use copy. Digital master created according to Benchmark for Faithful Digital Reproductions of Monographs and Serials, Version 1. Digital Library Federation, December 2002.  |u http://purl.oclc.org/DLF/benchrepro0212  |5 MiAaHDL 
546 |a In French, German, and English. 
550 |a "Organe de l'Association Internationale des Bibliothèques Musicales; Zeitschrift der Internationalen Vereinigung der Musikbibliotheken; review of the International Association of Music Libraries." 
550 |a "Publié sous les auspices du Conseil International de la Musique, avec l'aide de l'UNESCO." 
580 |a Supersedes the Association's Bulletin d'information. 
580 |a Volume for 1958 includes: International Association of Music Libraries. Liste des membres, 1958. 
583 1 |a digitized  |c 2010  |h HathiTrust Digital Library  |l committed to preserve  |2 pda  |5 MiAaHDL 
588 0 |a 1954/1; title from PDF cover (JSTOR, viewed Feb. 14, 2014). 
588 1 |a Vol. 61, no. 4 (Oct./Dec. 2014) (viewed Feb. 29, 2016). 
650 0 |a Music  |v Periodicals. 
650 7 |a Music  |2 fast  |0 (OCoLC)fst01030269 
650 1 7 |a Muziek.  |2 gtt 
650 1 7 |a Bibliografie.  |2 gtt 
650 1 7 |a Documentatie.  |2 gtt 
655 0 |a Electronic journals. 
710 2 |a International Association of Music Libraries. 
710 2 |a International Association of Music Libraries, Archives, and Documentation Centres. 
776 0 8 |i Print version:  |t Fontes artis musicae  |x 0015-6191  |w (DLC) 62068266  |w (OCoLC)1569603 
780 1 2 |a International Association of Music Libraries.  |t Bulletin d'information 
787 1 |a International Association of Music Libraries.  |t Liste des membres 
856 4 0 |z Full text available from Research Library: 01/01/2007 to 1 year ago  |u https://search.proquest.com/publication/45009